Statistics for "Second Best" Geography Edition #3

Click here to take the quiz!

General Stats

  • This quiz has been taken 34,270 times
    (33,457 since last reset)
  • The average score is 12 of 20

Answer Stats

CategoryFirstSecond% Correct
Most spoken language in the United StatesEnglishSpanish
99%
Longest river in the worldNileAmazon
93%
African country with the northernmost pointTunisiaAlgeria
92%
Most populous U.S. stateCaliforniaTexas
91%
Last country alphabeticallyZimbabweZambia
83%
National capital closest to MadridAndorra la VellaLisbon
82%
Southernmost capital city in EuropeVallettaAthens
75%
Most populous African countryNigeriaEthiopia
70%
Biggest island in the Mediterranean SeaSicilySardinia
65%
First country alphabeticallyAfghanistanAlbania
64%
Country with the highest population densityMonacoSingapore
62%
Northernmost national capitalReykjavíkHelsinki
58%
Largest desert in AfricaSaharaKalahari
52%
Most populous city in Ohio (city proper)ColumbusCleveland
49%
Most populous islandJavaHonshū
37%
Country producing the most orangesBrazilChina
35%
Canadian province with the smallest land areaPrince Edward IslandNova Scotia
35%
Most populous national capital starting with TTokyoTehran
35%
Country with the most stars on its flagUnited StatesBrazil
24%
Biggest island in the PhilippinesLuzonMindanao
21%

Score Distribution

Percentile by Number Answered

Percent of People with Each Score

Your Score History

You have not taken this quiz since the last reset